[Event "RUS-ch Men Blitz 2019"]
[Site "Sochi"]
[Date "2019.10.17"]
[Round "2.17"]
[White "Stambulian, Arsen"]
[Black "Rozum, Ivan"]
[Result "0-1"]
[WhiteElo "2306"]
[BlackElo "2599"]
[Annotator "ChessBase"]
[PlyCount "62"]
[EventDate "2019.10.17"]
[EventType "swiss"]
[EventCountry "RUS"]
[SourceTitle "playchess.com"]
[Source "ChessBase"]
[SourceQuality "1"]
[TimeControl "180+2"]

1. e4 {[%emt 0:00:00]} d6 {[%emt 0:00:05]} 2. d4 {[%emt 0:00:01]} Nf6 {[%emt 0:00:01]} 3. Nc3 {[%emt 0:00:01]} e5 {[%emt 0:00:01]} 4. Nf3 {[%emt 0:00:03]} Nbd7 {[%emt 0:00:02]} 5. Bc4 {[%emt 0:00:02]} Be7 {[%emt 0:00:01]} 6. O-O {[%emt 0:00:08]} O-O {[%emt 0:00:02]} 7. Qe2 {[%emt 0:00:05]} c6 {[%emt 0:00:04]} 8. a4 {[%emt 0:00:05]} Qc7 {[%emt 0:00:09]} 9. Ba2 {[%emt 0:00:04]} b6 {[%emt 0:00:03]} 10. h3 {[%emt 0:00:16]} Bb7 {[%emt 0:00:01]} 11. Be3 {[%emt 0:00:03]} a6 {[%emt 0:00:05]} 12. dxe5 {[%emt 0:00:51]} dxe5 {[%emt 0:00:03]} 13. Nd2 {[%emt 0:00:13]} b5 {[%emt 0:00:12]} 14. Rfe1 {[%emt 0:00:18]} Nc5 {[%emt 0:00:07]} 15. axb5 {[%emt 0:00:27]} axb5 {[%emt 0:00:02]} 16. f3 {[%emt 0:00:01]} Nh5 {[%emt 0:00:15]} 17. Qf2 {[%emt 0:00:02]} Na4 {[%emt 0:00:23]} 18. Nxa4 {[%emt 0:00:04]} Rxa4 {[%emt 0:00:01]} 19. Bb3 {[%emt 0:00:02]} Raa8 {[%emt 0:00:11]} 20. Bc5 {[%emt 0:00:12]} Nf4 {[%emt 0:00:06]} 21. Nf1 {[%emt 0:00:07]} g6 {[%emt 0:00:25]} 22. Bxe7 {[%emt 0:00:03]} Qxe7 {[%emt 0:00:01]} 23. Ne3 {[%emt 0:00:01]} h5 {[%emt 0:00:10]} 24. Kh2 {[%emt 0:00:02]} h4 {[%emt 0:00:02]} 25. Ng4 {[%emt 0:00:04]} Kg7 {[%emt 0:00:02]} 26. Qd2 {[%emt 0:00:07]} Rxa1 {[%emt 0:00:05]} 27. Rxa1 {[%emt 0:00:00]} Bc8 {[%emt 0:00:01]} 28. Qc3 {[%emt 0:00:02]} Bxg4 {[%emt 0:00:03]} 29. hxg4 {[%emt 0:00:03]} Rd8 {[%emt 0:00:07]} 30. Qe3 {[%emt 0:00:12]} c5 {[%emt 0:00:07]} 31. c4 {[%emt 0:00:03]} Rd3 {[%emt 0:00:03]} 0-1

[Event "RUS-ch Men Blitz 2019"]
[Site "Sochi"]
[Date "2019.10.17"]
[Round "2.18"]
[White "Sakaev, Konstantin"]
[Black "Musalov, Ruslan"]
[Result "1-0"]
[WhiteElo "2595"]
[BlackElo "2348"]
[Annotator "RC"]
[PlyCount "109"]
[EventDate "2019.10.17"]
[EventType "swiss"]
[EventCountry "RUS"]
[SourceTitle "playchess.com"]
[Source "ChessBase"]
[SourceQuality "1"]
[TimeControl "180+2"]

1. d4 {[%emt 0:00:00]} d5 {[%emt 0:00:04]} 2. c4 {[%emt 0:00:00]} e6 {[%emt 0:00:02]} 3. Nc3 {[%emt 0:00:03]} Nf6 {[%emt 0:00:02]} 4. cxd5 {[%emt 0:00:01]} exd5 {[%emt 0:00:03]} 5. Bg5 {[%emt 0:00:01]} Be7 {[%emt 0:00:09]} 6. e3 {[%emt 0:00:01]} b6 {[%emt 0:00:16]} 7. Bd3 {[%emt 0:00:09]} Bb7 {[%emt 0:00:01]} 8. Nge2 {[%emt 0:00:24]} h6 {[%emt 0:00:27]} 9. Bh4 {[%emt 0:00:05]} a6 {[%emt 0:00:04]} 10. O-O {[%emt 0:00:17]} Nbd7 {[%emt 0:00:26]} 11. Rc1 {[%emt 0:00:10]} O-O {[%emt 0:00:04]} 12. a3 {[%emt 0:00:32]} Rc8 {[%emt 0:00:17]} 13. Bf5 {[%emt 0:00:13]} g6 {[%emt 0:00:32]} 14. Bb1 {[%emt 0:00:07]} Ne4 {[%emt 0:00:13]} 15. Bxe7 {[%emt 0:00:16]} Qxe7 {[%emt 0:00:05]} 16. b4 {[%emt 0:00:30]} Kg7 {[%emt 0:00:09]} 17. Nxe4 {[%emt 0:00:07]} dxe4 {[%emt 0:00:02]} 18. Qb3 {[%emt 0:00:03]} Nf6 {[%emt 0:00:13]} 19. Nc3 {[%emt 0:00:01]} Rfd8 {[%emt 0:00:05]} 20. h3 {[%emt 0:00:05]} c5 {[%emt 0:00:05]} 21. dxc5 {[%emt 0:00:05]} bxc5 {[%emt 0:00:01]} 22. bxc5 {[%emt 0:00:07]} Rxc5 {[%emt 0:00:05]} 23. Na4 {[%emt 0:00:04]} Rxc1 {[%emt 0:00:03]} 24. Rxc1 {[%emt 0:00:01]} Bd5 {[%emt 0:00:03]} 25. Qc3 {[%emt 0:00:01]} Kg8 {[%emt 0:00:03]} 26. Nb6 {[%emt 0:00:01]} Be6 {[%emt 0:00:01]} 27. a4 {[%emt 0:00:09]} Nd5 {[%emt 0:00:01]} 28. Nxd5 {[%emt 0:00:03]} Bxd5 {[%emt 0:00:01]} 29. a5 {[%emt 0:00:02]} Qe6 {[%emt 0:00:04]} 30. Qc7 {[%emt 0:00:04]} Rd7 {[%emt 0:00:02]} 31. Qc8+ {[%emt 0:00:01]} Kg7 {[%emt 0:00:01]} 32. Qb8 {[%emt 0:00:07]} Qd6 {[%emt 0:00:03]} 33. Qb2+ {[%emt 0:00:02]} Qf6 {[%emt 0:00:01]} 34. Qb4 {[%emt 0:00:05]} Qd6 {[%emt 0:00:05]} 35. Qxd6 {[%emt 0:00:04]} Rxd6 {[%emt 0:00:01]} 36. Rd1 {[%emt 0:00:01]} Rd7 {[%emt 0:00:11]} 37. Bxe4 {[%emt 0:00:01]} Be6 {[%emt 0:00:01]} 38. Rxd7 {[%emt 0:00:05]} Bxd7 {[%emt 0:00:01]} 39. f4 {[%emt 0:00:01]} Kf6 {[%emt 0:00:02]} 40. Kf2 {[%emt 0:00:01]} Ke6 {[%emt 0:00:02]} 41. Bd3 {[%emt 0:00:02]} Bc8 {[%emt 0:00:01]} 42. Bc4+ {[%emt 0:00:00]} Ke7 {[%emt 0:00:01]} 43. e4 {[%emt 0:00:01]} f6 {[%emt 0:00:01]} 44. Ke3 {[%emt 0:00:01]} Kd6 {[%emt 0:00:01]} 45. Kd4 {[%emt 0:00:00]} Bb7 {[%emt 0:00:01]} 46. e5+ {[%emt 0:00:01]} Ke7 {[%emt 0:00:03]} 47. g3 {[%emt 0:00:01]} g5 {[%emt 0:00:02]} 48. h4 {[%emt 0:00:02]} Bc8 {[%emt 0:00:04]} 49. Kc5 {[%emt 0:00:01]} gxf4 {[%emt 0:00:03]} 50. gxf4 {[%emt 0:00:00]} fxe5 {[%emt 0:00:02]} 51. fxe5 {[%emt 0:00:01]} Bb7 {[%emt 0:00:06]} 52. Kb6 Be4 53. Kxa6 {[%emt 0:00:03]} Kd7 {[%emt 0:00:03]} 54. Kb6 {[%emt 0:00:01]} Kc8 {[%emt 0:00:01]} 55. a6 {[%emt 0:00:02]} 1-0

[Event "RUS-ch Men Blitz 2019"]
[Site "Sochi"]
[Date "2019.10.20"]
[Round "2.18"]
[White "Jary, Sergey"]
[Black "Zakhartsov, Vladimir"]
[Result "0-1"]
[WhiteElo "2275"]
[BlackElo "2514"]
[Annotator "ChessBase"]
[PlyCount "74"]
[EventDate "2019.10.17"]
[EventType "swiss"]
[EventCountry "RUS"]
[SourceTitle "playchess.com"]
[Source "ChessBase"]
[SourceQuality "1"]
[TimeControl "180+2"]

1. d4 {[%emt 0:00:00]} Nf6 {[%emt 0:00:00]} 2. Nf3 {[%emt 0:00:00]} g6 {[%emt 0:00:00]} 3. Bf4 {[%emt 0:00:00]} Bg7 {[%emt 0:00:00]} 4. e3 {[%emt 0:00:01]} O-O {[%emt 0:00:02]} 5. h3 {[%emt 0:00:00]} d6 {[%emt 0:00:01]} 6. Nbd2 {[%emt 0:00:01]} Nbd7 {[%emt 0:00:01]} 7. Be2 {[%emt 0:00:02]} Qe8 {[%emt 0:00:05]} 8. O-O {[%emt 0:00:03]} e5 {[%emt 0:00:01]} 9. Bh2 {[%emt 0:00:01]} Qe7 {[%emt 0:00:02]} 10. Re1 {[%emt 0:00:03]} e4 {[%emt 0:00:06]} 11. Nh4 {[%emt 0:00:01]} Nb6 {[%emt 0:00:22]} 12. Bg4 {[%emt 0:00:11]} Nxg4 {[%emt 0:00:03]} 13. hxg4 {[%emt 0:00:00]} Qxh4 {[%emt 0:00:01]} 14. Nxe4 {[%emt 0:00:04]} Qxg4 {[%emt 0:00:02]} 15. Qxg4 {[%emt 0:00:03]} Bxg4 {[%emt 0:00:02]} 16. Rac1 {[%emt 0:00:03]} Rfe8 {[%emt 0:00:06]} 17. Nd2 {[%emt 0:00:01]} Rad8 {[%emt 0:00:06]} 18. c4 {[%emt 0:00:01]} c5 {[%emt 0:00:02]} 19. f3 {[%emt 0:00:09]} Bc8 {[%emt 0:00:10]} 20. d5 {[%emt 0:00:05]} Bxb2 21. Rc2 Be5 {[%emt 0:00:14]} 22. f4 {[%emt 0:00:03]} Bd4 {[%emt 0:00:06]} 23. Kf2 {[%emt 0:00:04]} Bf5 {[%emt 0:00:05]} 24. Rcc1 {[%emt 0:00:04]} Bb2 {[%emt 0:00:03]} 25. Kf3 {[%emt 0:00:08]} Bxc1 {[%emt 0:00:08]} 26. Rxc1 {[%emt 0:00:01]} h5 {[%emt 0:00:09]} 27. e4 {[%emt 0:00:01]} Bg4+ {[%emt 0:00:03]} 28. Kf2 {[%emt 0:00:01]} Nd7 {[%emt 0:00:04]} 29. Rb1 {[%emt 0:00:03]} b6 {[%emt 0:00:07]} 30. Rb3 {[%emt 0:00:01]} Re7 {[%emt 0:00:05]} 31. Re3 {[%emt 0:00:03]} Rde8 {[%emt 0:00:02]} 32. Bg3 {[%emt 0:00:04]} Bf5 {[%emt 0:00:09]} 33. Bh4 {[%emt 0:00:08]} Rxe4 {[%emt 0:00:04]} 34. Nxe4 {[%emt 0:00:14]} Rxe4 {[%emt 0:00:02]} 35. Rxe4 {[%emt 0:00:03]} Bxe4 {[%emt 0:00:01]} 36. Ke3 {[%emt 0:00:01]} Bb1 {[%emt 0:00:08]} 37. a3 {[%emt 0:00:02]} f6 {[%emt 0:00:05] Kd4} 0-1

[Event "RUS-ch Men Blitz 2019"]
[Site "Sochi"]
[Date "2019.10.17"]
[Round "2.19"]
[White "Sysolyatin, Evgeny"]
[Black "Yuffa, Daniil"]
[Result "0-1"]
[WhiteElo "2271"]
[BlackElo "2577"]
[Annotator "RC"]
[PlyCount "105"]
[EventDate "2019.10.17"]
[EventType "swiss"]
[EventCountry "RUS"]
[SourceTitle "playchess.com"]
[Source "ChessBase"]
[SourceQuality "1"]
[TimeControl "180+2"]

1. e4 {[%emt 0:00:00]} c6 {[%emt 0:00:00]} 2. d4 {[%emt 0:00:00]} d5 {[%emt 0:00:00]} 3. Nc3 {[%emt 0:00:01]} dxe4 {[%emt 0:00:02]} 4. Nxe4 {[%emt 0:00:02]} Bf5 {[%emt 0:00:01]} 5. Ng3 {[%emt 0:00:01]} Bg6 {[%emt 0:00:01]} 6. h4 {[%emt 0:00:02]} h6 {[%emt 0:00:01]} 7. Nf3 {[%emt 0:00:01]} Nd7 {[%emt 0:00:01]} 8. h5 {[%emt 0:00:01]} Bh7 {[%emt 0:00:01]} 9. Bd3 {[%emt 0:00:01]} Bxd3 {[%emt 0:00:01]} 10. Qxd3 {[%emt 0:00:02]} e6 {[%emt 0:00:01]} 11. Bf4 {[%emt 0:00:01]} Qa5+ {[%emt 0:00:03]} 12. Bd2 {[%emt 0:00:02]} Bb4 {[%emt 0:00:02]} 13. c3 {[%emt 0:00:01]} Be7 {[%emt 0:00:02]} 14. c4 {[%emt 0:00:01]} Qc7 {[%emt 0:00:03]} 15. O-O-O {[%emt 0:00:02]} Ngf6 {[%emt 0:00:01]} 16. Kb1 {[%emt 0:00:01]} b5 {[%emt 0:00:02]} 17. Rc1 {[%emt 0:00:01]} Qb7 {[%emt 0:00:17]} 18. Ne5 {[%emt 0:00:18]} Nxe5 {[%emt 0:00:01]} 19. dxe5 {[%emt 0:00:01]} Rd8 {[%emt 0:00:01]} 20. Qc2 {[%emt 0:00:10]} Nd7 {[%emt 0:00:02]} 21. f4 {[%emt 0:00:08]} O-O {[%emt 0:00:07]} 22. cxb5 {[%emt 0:00:12]} cxb5 {[%emt 0:00:13]} 23. Qe4 {[%emt 0:00:08]} Qxe4+ {[%emt 0:01:20]} 24. Nxe4 {[%emt 0:00:02]} Rc8 {[%emt 0:00:21]} 25. Be3 {[%emt 0:00:09]} Nb6 {[%emt 0:00:15]} 26. Bxb6 {[%emt 0:00:08]} axb6 {[%emt 0:00:01]} 27. Rhd1 {[%emt 0:00:06]} Rxc1+ {[%emt 0:00:16]} 28. Kxc1 {[%emt 0:00:10]} Rc8+ {[%emt 0:00:01]} 29. Kd2 {[%emt 0:00:02]} f5 {[%emt 0:00:10]} 30. exf6 {[%emt 0:00:22]} gxf6 {[%emt 0:00:00]} 31. Rc1 {[%emt 0:00:09]} Rxc1 {[%emt 0:00:04]} 32. Kxc1 {[%emt 0:00:01]} f5 {[%emt 0:00:01]} 33. Nc3 {[%emt 0:00:07]} b4 {[%emt 0:00:04]} 34. Ne2 {[%emt 0:00:01]} Bc5 {[%emt 0:00:03]} 35. Kc2 {[%emt 0:00:01]} Kf7 {[%emt 0:00:02]} 36. Kd3 {[%emt 0:00:01]} Ke7 {[%emt 0:00:04]} 37. Nd4 {[%emt 0:00:17]} Kd6 {[%emt 0:00:04]} 38. Nf3 {[%emt 0:00:02]} Bf2 {[%emt 0:00:07]} 39. Ne5 {[%emt 0:00:03]} Ke7 {[%emt 0:00:01]} 40. Kc4 {[%emt 0:00:06]} Be3 {[%emt 0:00:11]} 41. Nd3 {[%emt 0:00:01]} Kd6 {[%emt 0:00:05]} 42. Kxb4 {[%emt 0:00:54]} Kd5 {[%emt 0:00:00]} 43. Kc3 {[%emt 0:00:01]} Ke4 {[%emt 0:00:01]} 44. a4 {[%emt 0:00:03]} Bd4+ {[%emt 0:00:07]} 45. Kc4 {[%emt 0:00:03]} Bg1 {[%emt 0:00:04]} 46. b4 {[%emt 0:00:01]} Ke3 {[%emt 0:00:02]} 47. a5 {[%emt 0:00:03]} bxa5 {[%emt 0:00:00]} 48. bxa5 {[%emt 0:00:01]} Ke2 {[%emt 0:00:02]} 49. Nc5 {[%emt 0:00:01]} Bh2 {[%emt 0:00:04]} 50. a6 {[%emt 0:00:02]} Bxf4 {[%emt 0:00:01]} 51. a7 {[%emt 0:00:00]} Kf2 {[%emt 0:00:01]} 52. a8=Q {[%emt 0:00:01]} Kg1 {[%emt 0:00:01]} 53. Qf3 {[%emt 0:00:02]} 0-1

[Event "RUS-ch Men Blitz 2019"]
[Site "Sochi"]
[Date "2019.10.17"]
[Round "2.20"]
[White "Antipov, Mikhail Al."]
[Black "Ivlev, Aleksey"]
[Result "1-0"]
[WhiteElo "2567"]
[BlackElo "2292"]
[Annotator "RC"]
[PlyCount "93"]
[EventDate "2019.10.17"]
[EventType "swiss"]
[EventCountry "RUS"]
[SourceTitle "playchess.com"]
[Source "ChessBase"]
[SourceQuality "1"]
[TimeControl "180+2"]

1. e4 {[%emt 0:00:00]} e5 {[%emt 0:00:00]} 2. Nf3 {[%emt 0:00:00]} Nc6 {[%emt 0:00:00]} 3. Bc4 {[%emt 0:00:00]} Bc5 {[%emt 0:00:01]} 4. O-O {[%emt 0:00:02]} Nf6 {[%emt 0:00:01]} 5. d3 {[%emt 0:00:01]} d6 {[%emt 0:00:01]} 6. c3 {[%emt 0:00:05]} a5 {[%emt 0:00:01]} 7. h3 {[%emt 0:00:11]} h6 {[%emt 0:00:04]} 8. Nbd2 {[%emt 0:00:04]} O-O {[%emt 0:00:02]} 9. Re1 {[%emt 0:00:05]} Be6 {[%emt 0:00:03]} 10. Bb5 {[%emt 0:00:00]} Ba7 {[%emt 0:00:53]} 11. Nf1 {[%emt 0:00:20]} Ne7 {[%emt 0:00:02]} 12. d4 {[%emt 0:00:01]} Ng6 {[%emt 0:00:03]} 13. Ng3 {[%emt 0:00:02]} c6 {[%emt 0:00:02]} 14. Bd3 {[%emt 0:00:02]} Re8 {[%emt 0:00:19]} 15. Be3 {[%emt 0:00:04]} b5 {[%emt 0:00:17]} 16. a4 {[%emt 0:00:04]} b4 {[%emt 0:00:02]} 17. cxb4 {[%emt 0:00:44]} axb4 {[%emt 0:00:01]} 18. Qc2 {[%emt 0:00:01]} c5 {[%emt 0:00:04]} 19. dxe5 {[%emt 0:00:05]} dxe5 {[%emt 0:00:09]} 20. Bc4 {[%emt 0:00:16]} Qa5 {[%emt 0:00:22]} 21. Nd2 {[%emt 0:00:05]} Rad8 {[%emt 0:00:09]} 22. Bxe6 {[%emt 0:00:02]} Rxe6 {[%emt 0:00:01]} 23. Nc4 {[%emt 0:00:06]} Qa6 {[%emt 0:00:01]} 24. Red1 {[%emt 0:00:07]} Ree8 {[%emt 0:00:00]} 25. b3 {[%emt 0:00:05]} Qe6 {[%emt 0:00:07]} 26. Nf5 {[%emt 0:00:03]} Qc6 {[%emt 0:00:12]} 27. f3 {[%emt 0:00:06]} Qe6 {[%emt 0:00:01]} 28. Nfd6 {[%emt 0:00:11]} Rf8 {[%emt 0:00:00]} 29. Nb5 {[%emt 0:00:01]} Qe7 {[%emt 0:00:15]} 30. Qf2 {[%emt 0:00:12]} Rc8 {[%emt 0:00:07]} 31. Rd6 {[%emt 0:00:04]} Nh5 {[%emt 0:00:06]} 32. Rad1 {[%emt 0:00:15]} Nhf4 {[%emt 0:00:11]} 33. Rd7 {[%emt 0:00:06]} Qg5 {[%emt 0:00:00]} 34. Kh2 {[%emt 0:00:05]} Bb8 {[%emt 0:00:08]} 35. g3 {[%emt 0:00:05]} Qh5 {[%emt 0:00:12]} 36. gxf4 {[%emt 0:00:11]} exf4 {[%emt 0:00:01]} 37. Bc1 {[%emt 0:00:01]} Nh4 {[%emt 0:00:01]} 38. Rf1 {[%emt 0:00:07]} Rc6 {[%emt 0:00:02]} 39. Nbd6 {[%emt 0:00:06]} Qg5 {[%emt 0:00:12]} 40. Rg1 {[%emt 0:00:02]} Qh5 {[%emt 0:00:02]} 41. Rg4 {[%emt 0:00:01]} Ng6 {[%emt 0:00:01]} 42. Nf5 {[%emt 0:00:05]} Kh7 {[%emt 0:00:01]} 43. Bb2 {[%emt 0:00:02]} Rg8 {[%emt 0:00:02]} 44. Rxf7 {[%emt 0:00:02]} Rc7 {[%emt 0:00:04]} 45. Ncd6 {[%emt 0:00:05]} Rxf7 {[%emt 0:00:01]} 46. Nxf7 {[%emt 0:00:01]} Rf8 {[%emt 0:00:03]} 47. Nxg7 {[%emt 0:00:03]} 1-0

[Event "RUS-ch Men Blitz 2019"]
[Site "Sochi"]
[Date "2019.10.17"]
[Round "2.21"]
[White "Truskavetsky, Alexandr"]
[Black "Triapishko, Alexandr"]
[Result "0-1"]
[WhiteElo "2398"]
[BlackElo "2514"]
[Annotator "ChessBase"]
[PlyCount "66"]
[EventDate "2019.10.17"]
[EventType "swiss"]
[EventCountry "RUS"]
[SourceTitle "playchess.com"]
[Source "ChessBase"]
[SourceQuality "1"]
[TimeControl "180+2"]

1. c4 {[%emt 0:00:00]} e5 {[%emt 0:00:09]} 2. g3 {[%emt 0:00:01]} Nf6 {[%emt 0:00:02]} 3. Bg2 {[%emt 0:00:01]} Bc5 {[%emt 0:00:01]} 4. Nc3 {[%emt 0:00:05]} c6 {[%emt 0:00:02]} 5. e3 {[%emt 0:00:36]} d5 {[%emt 0:00:02]} 6. cxd5 {[%emt 0:00:07]} Nxd5 {[%emt 0:00:04]} 7. Nge2 {[%emt 0:00:13]} O-O {[%emt 0:00:07]} 8. O-O {[%emt 0:00:01]} Be6 {[%emt 0:00:05]} 9. a3 {[%emt 0:00:02]} a5 {[%emt 0:00:34]} 10. Qc2 {[%emt 0:00:02]} Nd7 {[%emt 0:00:10]} 11. b3 {[%emt 0:00:10]} Qe7 {[%emt 0:00:10]} 12. Bb2 {[%emt 0:00:03]} Ba7 {[%emt 0:00:15]} 13. Rfd1 {[%emt 0:00:04]} Nxc3 {[%emt 0:00:10]} 14. Bxc3 {[%emt 0:00:14]} Bg4 {[%emt 0:00:42]} 15. d4 {[%emt 0:00:15]} Bxe2 {[%emt 0:00:20]} 16. Qxe2 {[%emt 0:00:02]} exd4 {[%emt 0:00:01]} 17. Bxd4 {[%emt 0:00:03]} Bxd4 {[%emt 0:00:01]} 18. Rxd4 {[%emt 0:00:01]} Nc5 {[%emt 0:00:01]} 19. Qc2 {[%emt 0:00:07]} Ne6 {[%emt 0:00:08]} 20. Rc4 {[%emt 0:00:21]} Rfd8 {[%emt 0:00:05]} 21. Qb2 {[%emt 0:00:17]} Rd7 {[%emt 0:00:08]} 22. b4 {[%emt 0:00:26]} axb4 {[%emt 0:00:05]} 23. axb4 {[%emt 0:00:06]} Rad8 {[%emt 0:00:06]} 24. Re1 {[%emt 0:00:09]} g6 {[%emt 0:00:03]} 25. h4 {[%emt 0:00:03]} Rd2 {[%emt 0:00:04]} 26. Qc1 {[%emt 0:00:17]} Qf6 {[%emt 0:00:03]} 27. Rf1 {[%emt 0:00:00]} Qb2 {[%emt 0:00:02]} 28. Qxb2 {[%emt 0:00:06]} Rxb2 {[%emt 0:00:01]} 29. Bh3 {[%emt 0:00:03]} Nc7 {[%emt 0:00:04]} 30. Re4 {[%emt 0:00:02]} Nd5 {[%emt 0:00:03]} 31. Rd1 {[%emt 0:00:02]} Rb8 {[%emt 0:00:06]} 32. Bg2 {[%emt 0:00:02]} Nc3 {[%emt 0:00:03]} 33. Red4 {[%emt 0:00:05]} Nxd1 {[%emt 0:00:02]} 0-1

[Event "RUS-ch Men Blitz 2019"]
[Site "Sochi"]
[Date "2019.10.17"]
[Round "2.22"]
[White "Popov, Valerij"]
[Black "Gabitov, Ruslan"]
[Result "1-0"]
[WhiteElo "2535"]
[BlackElo "2172"]
[Annotator "ChessBase"]
[PlyCount "69"]
[EventDate "2019.10.17"]
[EventType "swiss"]
[EventCountry "RUS"]
[SourceTitle "playchess.com"]
[Source "ChessBase"]
[SourceQuality "1"]
[TimeControl "180+2"]

1. c4 {[%emt 0:00:00]} g6 {[%emt 0:00:01]} 2. d4 {[%emt 0:00:05]} Bg7 {[%emt 0:00:01]} 3. Nf3 {[%emt 0:00:04]} d6 {[%emt 0:00:01]} 4. Nc3 {[%emt 0:00:01]} Nf6 {[%emt 0:00:01]} 5. e4 {[%emt 0:00:01]} O-O {[%emt 0:00:01]} 6. Be2 {[%emt 0:00:01]} Qe8 {[%emt 0:00:03]} 7. O-O {[%emt 0:00:19]} e5 {[%emt 0:00:01]} 8. d5 {[%emt 0:00:00]} Nfd7 {[%emt 0:00:01]} 9. Be3 {[%emt 0:00:09]} a5 {[%emt 0:00:13]} 10. Nd2 {[%emt 0:00:08]} f5 {[%emt 0:00:09]} 11. f3 {[%emt 0:00:01]} Na6 {[%emt 0:00:08]} 12. a3 {[%emt 0:00:01]} Nf6 {[%emt 0:00:49]} 13. b4 {[%emt 0:00:03]} f4 {[%emt 0:00:25]} 14. Bf2 {[%emt 0:00:01]} g5 {[%emt 0:00:05]} 15. c5 {[%emt 0:00:10]} Rf7 {[%emt 0:00:07]} 16. cxd6 {[%emt 0:00:06]} cxd6 {[%emt 0:00:01]} 17. Nc4 {[%emt 0:00:01]} Bf8 {[%emt 0:00:29]} 18. Nxa5 {[%emt 0:00:13]} Rg7 {[%emt 0:00:16]} 19. Nc4 {[%emt 0:00:01]} g4 {[%emt 0:00:10]} 20. fxg4 {[%emt 0:00:21]} Bxg4 {[%emt 0:00:04]} 21. Bxg4 {[%emt 0:00:11]} Nxg4 {[%emt 0:00:03]} 22. Nb6 {[%emt 0:00:17]} Rd8 {[%emt 0:00:05]} 23. Qf3 {[%emt 0:00:04]} Nf6 {[%emt 0:00:19]} 24. Bh4 {[%emt 0:00:08]} Be7 {[%emt 0:00:01]} 25. Bxf6 {[%emt 0:00:09]} Bxf6 {[%emt 0:00:01]} 26. Rac1 {[%emt 0:00:04]} h5 {[%emt 0:00:09]} 27. Rc2 {[%emt 0:00:13]} h4 {[%emt 0:00:01]} 28. Rfc1 {[%emt 0:00:03]} Qg6 {[%emt 0:00:05]} 29. Nd1 {[%emt 0:00:05]} Qh6 {[%emt 0:00:03]} 30. Nf2 {[%emt 0:00:03]} Nb8 {[%emt 0:00:04]} 31. Rc8 {[%emt 0:00:03]} Kh7 {[%emt 0:00:01]} 32. Ng4 {[%emt 0:00:06]} Qg6 {[%emt 0:00:02]} 33. Nxf6+ {[%emt 0:00:05]} Qxf6 {[%emt 0:00:01]} 34. Qh5+ {[%emt 0:00:01]} Kg8 {[%emt 0:00:02]} 35. Rxd8+ {[%emt 0:00:04]} 1-0

[Event "RUS-ch Men Blitz 2019"]
[Site "Sochi"]
[Date "2019.10.17"]
[Round "2.23"]
[White "Goltsev, Dmitry"]
[Black "Iljin, Artem"]
[Result "1-0"]
[WhiteElo "2309"]
[BlackElo "2509"]
[Annotator "ChessBase"]
[PlyCount "86"]
[EventDate "2019.10.17"]
[EventType "swiss"]
[EventCountry "RUS"]
[SourceTitle "playchess.com"]
[Source "ChessBase"]
[SourceQuality "1"]
[TimeControl "180+2"]

1. e4 {[%emt 0:00:00]} c5 {[%emt 0:00:00]} 2. Nf3 {[%emt 0:00:01]} e6 {[%emt 0:00:00]} 3. d4 {[%emt 0:00:01]} cxd4 {[%emt 0:00:02]} 4. Nxd4 {[%emt 0:00:01]} a6 {[%emt 0:00:01]} 5. c4 {[%emt 0:00:02]} Nf6 {[%emt 0:00:01]} 6. Nc3 {[%emt 0:00:01]} Qc7 {[%emt 0:00:01]} 7. Be2 {[%emt 0:00:01]} Be7 {[%emt 0:00:14]} 8. O-O {[%emt 0:00:04]} d6 {[%emt 0:00:01]} 9. Be3 {[%emt 0:00:03]} O-O {[%emt 0:00:04]} 10. Rc1 {[%emt 0:00:01]} b6 {[%emt 0:00:02]} 11. f4 {[%emt 0:00:17]} Bb7 {[%emt 0:00:03]} 12. Qd3 {[%emt 0:00:02]} Nbd7 {[%emt 0:00:05]} 13. Bf3 {[%emt 0:00:04]} Rac8 {[%emt 0:00:08]} 14. b3 {[%emt 0:00:31]} Rfe8 {[%emt 0:00:02]} 15. Rfd1 {[%emt 0:00:19]} Bf8 {[%emt 0:00:13]} 16. Qc2 {[%emt 0:00:09]} Qb8 {[%emt 0:00:11]} 17. Nde2 {[%emt 0:00:16]} b5 {[%emt 0:00:46]} 18. cxb5 {[%emt 0:00:08]} axb5 {[%emt 0:00:01]} 19. Qd3 {[%emt 0:00:24]} b4 {[%emt 0:00:21]} 20. Na4 {[%emt 0:00:12]} Bc6 {[%emt 0:00:10]} 21. Nd4 {[%emt 0:00:45]} Bxa4 {[%emt 0:00:18]} 22. bxa4 {[%emt 0:00:01]} Nc5 {[%emt 0:00:02]} 23. Qb5 {[%emt 0:00:02]} Nfxe4 {[%emt 0:00:25]} 24. Nc6 {[%emt 0:00:09]} Qxb5 {[%emt 0:00:31]} 25. axb5 {[%emt 0:00:01]} Nc3 {[%emt 0:00:04]} 26. Rxc3 {[%emt 0:00:08]} bxc3 {[%emt 0:00:01]} 27. Rc1 {[%emt 0:00:01]} Na4 {[%emt 0:00:03]} 28. Bd1 {[%emt 0:00:02]} Nb2 {[%emt 0:00:02]} 29. Bb3 {[%emt 0:00:02]} d5 {[%emt 0:00:01]} 30. Rxc3 {[%emt 0:00:02]} Bb4 {[%emt 0:00:02]} 31. Rc2 {[%emt 0:00:02]} Nd3 {[%emt 0:00:01]} 32. a4 {[%emt 0:00:04]} Bd6 {[%emt 0:00:02]} 33. a5 {[%emt 0:00:01]} e5 {[%emt 0:00:03]} 34. fxe5 {[%emt 0:00:03]} Nxe5 {[%emt 0:00:01]} 35. Bb6 {[%emt 0:00:06]} Ng4 {[%emt 0:00:02]} 36. g3 {[%emt 0:00:02]} Re1+ {[%emt 0:00:03]} 37. Kg2 {[%emt 0:00:01]} h5 {[%emt 0:00:01]} 38. Ne7+ {[%emt 0:00:01]} Rxe7 {[%emt 0:00:02]} 39. Rxc8+ {[%emt 0:00:01]} Kh7 {[%emt 0:00:00]} 40. Bxd5 {[%emt 0:00:02]} Re2+ {[%emt 0:00:02]} 41. Kf1 {[%emt 0:00:02]} Rxh2 {[%emt 0:00:01]} 42. a6 {[%emt 0:00:01]} Bxg3 {[%emt 0:00:05]} 43. a7 {[%emt 0:00:01]} Bf2 {[%emt 0:00:08]} 1-0

[Event "RUS-ch Men Blitz 2019"]
[Site "Sochi"]
[Date "2019.10.17"]
[Round "2.24"]
[White "Khegay, Dmitriy"]
[Black "Kozak, Alexander"]
[Result "1-0"]
[WhiteElo "2509"]
[BlackElo "2230"]
[Annotator "ChessBase"]
[PlyCount "37"]
[EventDate "2019.10.17"]
[EventType "swiss"]
[EventCountry "RUS"]
[SourceTitle "playchess.com"]
[Source "ChessBase"]
[SourceQuality "1"]
[TimeControl "180+2"]

1. e4 {[%emt 0:00:00]} e5 {[%emt 0:00:00]} 2. Nf3 {[%emt 0:00:00]} Nc6 {[%emt 0:00:00]} 3. Bc4 {[%emt 0:00:01]} Nf6 {[%emt 0:00:01]} 4. d3 {[%emt 0:00:04]} Bc5 {[%emt 0:00:01]} 5. c3 {[%emt 0:00:01]} Qe7 {[%emt 0:00:02]} 6. Nbd2 {[%emt 0:00:13]} a5 {[%emt 0:00:10]} 7. O-O {[%emt 0:00:20]} d6 {[%emt 0:00:00]} 8. Re1 {[%emt 0:00:01]} h6 {[%emt 0:00:04]} 9. Nf1 {[%emt 0:00:02]} Nh5 {[%emt 0:00:39]} 10. d4 {[%emt 0:00:27]} Ba7 {[%emt 0:00:12]} 11. h3 {[%emt 0:00:21]} O-O {[%emt 0:00:10]} 12. Ne3 {[%emt 0:00:17]} Kh8 {[%emt 0:00:32]} 13. Nd5 {[%emt 0:00:03]} Qd8 {[%emt 0:00:01]} 14. Nxe5 {[%emt 0:00:18]} dxe5 {[%emt 0:00:25]} 15. Qxh5 {[%emt 0:00:01]} exd4 {[%emt 0:00:14]} 16. Bxh6 {[%emt 0:00:01]} Kg8 {[%emt 0:00:01]} 17. Bg5 {[%emt 0:00:06]} Qd6 {[%emt 0:00:02]} 18. e5 {[%emt 0:00:10]} Qc5 {[%emt 0:00:14]} 19. Nf6+ {[%emt 0:00:03]} 1-0